[Event "J. Richter/Lask BZ-SC SSV Bruneck"]
[Site "?"]
[Date "2014.11.15"]
[Round "2.2"]
[White "Moncher, Stefano"]
[Black "Luciani, Valerio"]
[Result "1/2-1/2"]
[WhiteElo "2182"]
[BlackElo "2129"]
[PlyCount "127"]
[EventDate "2014.??.??"]

1. e4 e6 2. d4 d5 3. Nc3 Bb4 4. Nge2 dxe4 5. a3 Be7 6. Nxe4 Nf6 7. Qd3 Nc6 8.
Bf4 O-O 9. O-O-O Nxe4 10. Qxe4 Bg5 11. h4 Bxf4+ 12. Nxf4 Ne7 13. Bd3 f5 14. Qe2
Qd6 15. g3 Bd7 16. Bc4 Nd5 17. Bxd5 exd5 18. Rhe1 Rae8 19. Qd2 Bb5 20. Rxe8
Rxe8 21. Re1 Re4 22. f3 Rxe1+ 23. Qxe1 Kf7 24. Qe5 Qxe5 25. dxe5 d4 26. Kd2 Bc6
27. Ne2 Bxf3 28. Nxd4 Be4 29. b4 b6 30. c4 c5 31. bxc5 bxc5 32. Nb3 Ke6 33.
Nxc5+ Kxe5 34. Ke3 Bc2 35. Na6 h6 36. Nb4 Be4 37. h5 a5 38. Nd3+ Kf6 39. Nc5
Bc2 40. Nd3 Kg5 41. c5 Bb3 42. Nf4 Ba4 43. Kd4 Kg4 44. Ke5 Bd7 45. Ne6 Kxg3 46.
Kxf5 Kh4 47. Ke5 Kxh5 48. Kd6 Bc8 49. Nxg7+ Kg6 50. Ne6 Kf5 51. Ng7+ Ke4 52. c6
Kd4 53. Kc7 Kc5 54. Nh5 Bg4 55. Nf6 Bf3 56. Nd7+ Kb5 57. Ne5 Bxc6 58. Nxc6 h5
59. Kd6 h4 60. Kd5 h3 61. Nd4+ Ka4 62. Nf3 Kxa3 63. Kc4 a4 64. Kc3 1/2-1/2

[Event "J. Richter/Lask BZ-SC SSV Bruneck"]
[Site "?"]
[Date "2014.11.15"]
[Round "2.3"]
[White "Moling, Patrick"]
[Black "Billio, Atto"]
[Result "1-0"]
[WhiteElo "2089"]
[BlackElo "2017"]
[PlyCount "69"]
[EventDate "2014.??.??"]

1. e4 c5 2. Nf3 e6 3. d4 cxd4 4. Nxd4 a6 5. Bd3 g6 6. Nc3 Bg7 7. Nb3 Ne7 8. O-O
b5 9. Qe2 b4 10. Nd1 d5 11. a3 Nbc6 12. axb4 Nxb4 13. Bb5+ Kf8 14. c3 Bb7 15.
Ba4 Nbc6 16. Nc5 Bc8 17. exd5 Qxd5 18. Be3 Ne5 19. Bb3 Qc6 20. f4 Nd7 21. Ba4
Qc7 22. Nxd7+ Bxd7 23. Bxd7 Qxd7 24. Rxa6 Rxa6 25. Qxa6 f5 26. Nf2 Kf7 27. Rd1
Qc7 28. Rd6 Nd5 29. Rxe6 Rb8 30. Nd3 g5 31. Ne5+ Bxe5 32. Rxe5 Nxe3 33. Qe6+
Kf8 34. Rxe3 Qxf4 35. Rf3 1-0

[Event "J. Richter/Lask BZ-SC SSV Bruneck"]
[Site "?"]
[Date "2014.11.15"]
[Round "2.4"]
[White "Kowalczyk, Martin"]
[Black "Peintner, Andreas"]
[Result "0-1"]
[WhiteElo "1822"]
[BlackElo "1878"]
[PlyCount "102"]
[EventDate "2014.??.??"]

1. e4 c5 2. Nf3 e6 3. b3 d6 4. Bb2 Nf6 5. e5 dxe5 6. Nxe5 Be7 7. Bd3 O-O 8. O-O
Qc7 9. f4 Nc6 10. Nxc6 Qxc6 11. Nc3 b6 12. Qe2 Bb7 13. Rae1 a6 14. a4 Rfe8 15.
Rf3 Bf8 16. Re3 c4 17. Be4 Nxe4 18. Nxe4 f5 19. Ng5 Bc5 20. Qf2 Bxe3 21. Rxe3
h6 22. Nf3 cxb3 23. cxb3 Qc2 24. Bc3 Bxf3 25. Qxf3 Qxb3 26. Qg3 Qd1+ 27. Re1
Qg4 28. Qe3 b5 29. h3 Qg6 30. axb5 axb5 31. Qe5 Rab8 32. Kh2 Qf7 33. Re3 b4 34.
Bb2 Rb7 35. Rg3 Kh7 36. Qe2 Rg8 37. h4 Qd7 38. h5 Qd5 39. Rd3 Qc4 40. Qf3 Rc7
41. Be5 Ra7 42. Qg3 g5 43. Qf2 Rb7 44. Rd4 Qc6 45. Rd6 Qe8 46. Qf3 Qf7 47. g4
Rd7 48. gxf5 exf5 49. fxg5 Rxg5 50. Rxd7 Qxd7 51. Bf4 Rg4 0-1

[Event "J. Richter/Lask BZ-SC SSV Bruneck"]
[Site "?"]
[Date "2014.11.15"]
[Round "2.5"]
[White "Balzarini, Franco"]
[Black "Muscolino, Attilio"]
[Result "1/2-1/2"]
[WhiteElo "1729"]
[BlackElo "1725"]
[PlyCount "125"]
[EventDate "2014.??.??"]

1. d4 Nf6 2. Nf3 g6 3. e3 Bg7 4. Bd3 d6 5. Nbd2 O-O 6. O-O Nc6 7. c4 e5 8. a3
a5 9. Rb1 Qe7 10. d5 Nb8 11. Qc2 a4 12. Re1 Na6 13. e4 Nc5 14. Bf1 Bd7 15. Qc3
b6 16. Qe3 h5 17. h3 Rfe8 18. Bd3 Qf8 19. Bc2 Bh6 20. Qc3 Qg7 21. Nf1 Bxc1 22.
Rbxc1 Qh6 23. Qe3 Kg7 24. Ng3 Qf4 25. Nd2 Qxe3 26. Rxe3 h4 27. Ne2 Nh5 28. Nf3
f5 29. exf5 gxf5 30. Nxh4 f4 31. Rc3 Kf6 32. g4 fxg3 33. fxg3 Bxh3 34. Kh2 Bg4
35. Rf1+ Ke7 36. Re3 Kd7 37. Bf5+ Bxf5 38. Rxf5 Ng7 39. Rg5 Re7 40. g4 Rh8 41.
Kg3 Rf7 42. Nc3 Rh7 43. Nb5 Ne8 44. Rg8 Nf6 45. Rg6 Nfe4+ 46. Kh3 Nf2+ 47. Kg2
Rxh4 48. Rf3 Rxf3 49. Rg7+ Ke8 50. Kxf3 Nfd3 51. Rxc7 Rh2 52. Nxd6+ Kf8 53.
Rf7+ Kg8 54. Re7 Rf2+ 55. Ke3 Rxb2 56. Nf5 Rb3 57. g5 Nf4+ 58. Kd2 Ne4+ 59. Kd1
Rb2 60. g6 Nd3 61. Nh6+ Kf8 62. Rf7+ Ke8 63. Re7+ 1/2-1/2

[Event "J. Richter/Lask BZ-SC SSV Bruneck"]
[Site "?"]
[Date "2014.11.15"]
[Round "2.6"]
[White "Hermeter, Walter"]
[Black "Lang, Guenther"]
[Result "1/2-1/2"]
[WhiteElo "1621"]
[BlackElo "1686"]
[PlyCount "34"]
[EventDate "2014.??.??"]

1. e4 c6 2. d4 d5 3. Nc3 dxe4 4. Nxe4 Nf6 5. Ng3 g6 6. Nf3 Bg4 7. Be2 Bg7 8.
O-O O-O 9. c3 Qc7 10. h3 Bxf3 11. Bxf3 e6 12. Ne2 Nbd7 13. Bf4 e5 14. dxe5 Nxe5
15. Bxe5 Qxe5 16. Ng3 Rfe8 17. Qb3 Qc7 1/2-1/2

[Event "Merania-SK Steinegg/Raiffeisen"]
[Site "?"]
[Date "2014.11.15"]
[Round "2.2"]
[White "Teutsch, Alexander"]
[Black "Resch, Aaron"]
[Result "1-0"]
[WhiteElo "1989"]
[BlackElo "1782"]
[PlyCount "49"]
[EventDate "2014.??.??"]

1. d4 b6 2. e4 Bb7 3. Bd3 g6 4. c4 Bg7 5. Ne2 d6 6. Nbc3 Nd7 7. Be3 e6 8. f3
Ne7 9. Qd2 h6 10. O-O a6 11. Rae1 e5 12. f4 Nc6 13. dxe5 dxe5 14. f5 g5 15. Ng3
Nf6 16. Nd5 O-O 17. h4 Ng4 18. f6 Nxf6 19. hxg5 Nxd5 20. exd5 Nd4 21. gxh6 Bf6
22. Nh5 Bh4 23. Bxd4 exd4 24. Qf4 Bxe1 25. Qg4+ 1-0

[Event "Naturns Jambo II-Lana"]
[Site "?"]
[Date "2014.11.15"]
[Round "2.2"]
[White "Naegele, Raimund"]
[Black "Pichler, Norbert"]
[Result "0-1"]
[WhiteElo "1620"]
[BlackElo "1684"]
[PlyCount "58"]
[EventDate "2014.??.??"]

1. d4 c5 2. d5 d6 3. c4 e5 4. Nc3 f5 5. e4 Nf6 6. Bd3 g6 7. f4 fxe4 8. Nxe4
Nxe4 9. Bxe4 Bg7 10. Nf3 exf4 11. Qc2 O-O 12. O-O Bg4 13. Bd2 Nd7 14. Rad1 Rf7
15. Rf2 Bxf3 16. Rxf3 Bd4+ 17. Kh1 g5 18. Rh3 Nf6 19. Bf5 Re7 20. Be6+ Kg7 21.
Qf5 g4 22. Qg5+ Kh8 23. Rh6 f3 24. Rxf6 Rg7 25. Qf4 Qxf6 26. Qxf6 Bxf6 27. Bf4
Rd8 28. b3 Bd4 29. Bg3 h5 0-1

[Event "SC Lana-SG Kaltern/Tramin II"]
[Site "?"]
[Date "2014.11.08"]
[Round "1.1"]
[White "Dibiasi, Rainer"]
[Black "Hoelzl, Matthias"]
[Result "1/2-1/2"]
[WhiteElo "1790"]
[BlackElo "1779"]
[PlyCount "60"]
[EventDate "2014.??.??"]

1. c4 Nf6 2. Nc3 d6 3. g3 g6 4. Bg2 Bg7 5. Nf3 O-O 6. O-O e5 7. d3 Nc6 8. a3
Re8 9. e4 Nh5 10. Be3 f5 11. Bg5 Nf6 12. Qd2 Qe7 13. Nd5 Qf7 14. Bh6 Bxh6 15.
Nxf6+ Qxf6 16. Qxh6 Qg7 17. Qd2 Bd7 18. b4 Rf8 19. Rac1 Rad8 20. b5 Ne7 21. Qa5
fxe4 22. dxe4 Bg4 23. Rc3 Nc8 24. h3 b6 25. Qa4 Bd7 26. Qb3 Kh8 27. Qd1 h6 28.
Qd2 Be6 29. Qe3 Ne7 30. Nd2 g5 1/2-1/2

[Event "SC SSV Bruneck-ASD Arci Scacchi BZ"]
[Site "?"]
[Date "2014.11.08"]
[Round "1.1"]
[White "Seresin, Francesco"]
[Black "Luciani, Valerio"]
[Result "0-1"]
[WhiteElo "1826"]
[BlackElo "2129"]
[PlyCount "52"]
[EventDate "2014.??.??"]

1. d4 Nf6 2. c4 e6 3. Nc3 Bb4 4. a3 Bxc3+ 5. bxc3 c5 6. f3 d5 7. cxd5 Nxd5 8.
dxc5 f5 9. Nh3 O-O 10. Nf4 Nc6 11. Nxd5 exd5 12. Bf4 Be6 13. Qa4 Qf6 14. Rc1 d4
15. cxd4 Nxd4 16. e3 Qh4+ 17. g3 Nxf3+ 18. Kf2 Qh5 19. Bc4 Bxc4 20. Qxc4+ Rf7
21. Rcd1 g5 22. Rd7 Raf8 23. Bd6 Nd2 24. Qd5 Ne4+ 25. Ke1 Qf3 26. Bxf8 Qxh1+
0-1

[Event "SC SSV Bruneck-ASD Arci Scacchi BZ"]
[Site "?"]
[Date "2014.11.08"]
[Round "1.2"]
[White "Moling, Patrick"]
[Black "Olivetti, Davide"]
[Result "1-0"]
[WhiteElo "2089"]
[BlackElo "1930"]
[PlyCount "61"]
[EventDate "2014.??.??"]

1. e4 c6 2. d4 d5 3. Nc3 dxe4 4. Nxe4 Bf5 5. Ng3 Bg6 6. Nf3 Nd7 7. h4 h6 8. h5
Bh7 9. Bd3 Bxd3 10. Qxd3 e6 11. Bd2 Ngf6 12. O-O-O Be7 13. Kb1 O-O 14. Qe2 a5
15. Ne5 a4 16. f4 Nxe5 17. dxe5 Nd5 18. c4 Nc7 19. Ne4 Qb8 20. g4 b5 21. c5 Nd5
22. Nd6 b4 23. Rc1 Bxd6 24. cxd6 Qb5 25. Qxb5 cxb5 26. Rc5 Rab8 27. f5 Rfc8 28.
Rxd5 exd5 29. e6 Rc4 30. e7 Re4 31. Re1 1-0

[Event "SC SSV Bruneck-ASD Arci Scacchi BZ"]
[Site "?"]
[Date "2014.11.08"]
[Round "1.3"]
[White "De Vita, Gianni"]
[Black "Glueck, Alexander"]
[Result "1-0"]
[WhiteElo "1877"]
[BlackElo "1953"]
[PlyCount "51"]
[EventDate "2014.??.??"]

1. e4 d6 2. d4 Nf6 3. Nc3 c6 4. Bg5 Nbd7 5. Qd2 Qa5 6. Bd3 e5 7. Nge2 Be7 8.
O-O b5 9. a3 O-O 10. Nd5 Qd8 11. Nxe7+ Qxe7 12. f3 a6 13. c3 c5 14. b4 c4 15.
Bc2 Re8 16. Rad1 Nf8 17. a4 Ne6 18. Bh4 Ra7 19. Bf2 Rd7 20. d5 Nf8 21. axb5
axb5 22. Ra1 Ng6 23. Ra5 Rb7 24. Rfa1 Nh5 25. Be3 Qh4 26. Bg5 1-0

[Event "SC SSV Bruneck-ASD Arci Scacchi BZ"]
[Site "?"]
[Date "2014.11.08"]
[Round "1.4"]
[White "Peintner, Andreas"]
[Black "Pichler, Klaus"]
[Result "1-0"]
[WhiteElo "1878"]
[BlackElo "1744"]
[PlyCount "69"]
[EventDate "2014.??.??"]

1. d4 b6 2. e4 e6 3. Bd3 Bb7 4. Nf3 g6 5. Qe2 Bg7 6. Bg5 Ne7 7. Nbd2 h6 8. Bh4
d6 9. O-O Nd7 10. Rfe1 O-O 11. c3 g5 12. Bg3 Ng6 13. Nf1 g4 14. N3d2 Qg5 15.
Qe3 Rae8 16. f4 Qe7 17. Qf2 e5 18. fxe5 dxe5 19. d5 Nc5 20. Bc2 Bc8 21. Ne3 Qg5
22. b4 Nb7 23. Rf1 Nf4 24. Rae1 Nd6 25. c4 f5 26. exf5 Nxf5 27. Ne4 Qe7 28.
Nxf5 Rxf5 29. Qd2 Ref8 30. c5 Bb7 31. Bb3 Kh8 32. Bxf4 Rxf4 33. Rxf4 exf4 34.
Nd6 Bd4+ 35. Qxd4+ 1-0

[Event "SC SSV Bruneck-ASD Arci Scacchi BZ"]
[Site "?"]
[Date "2014.11.08"]
[Round "1.5"]
[White "Rinaldo, Gaetano"]
[Black "Balzarini, Franco"]
[Result "0-1"]
[WhiteElo "1658"]
[BlackElo "1729"]
[PlyCount "73"]
[EventDate "2014.??.??"]

1. g3 Nf6 2. d4 d5 3. Bg2 g6 4. c4 c6 5. cxd5 cxd5 6. Nc3 Bg7 7. Nf3 O-O 8. O-O
Nc6 9. Re1 Bf5 10. Nh4 Bg4 11. h3 Bc8 12. e3 Qd6 13. Bd2 e5 14. Nb5 Qd7 15.
dxe5 Nxe5 16. Qb3 g5 17. f4 Nc4 18. Nf3 a6 19. Nbd4 g4 20. Bc3 gxf3 21. Nxf3 b5
22. Rad1 Qe6 23. Ng5 Qb6 24. Bd4 Qd6 25. e4 Nh5 26. e5 Qd8 27. Qd3 Re8 28.
Qxh7+ Kf8 29. Qxh5 Qc7 30. Bc5+ Qxc5+ 31. Kh2 Ra7 32. Rxd5 Qf2 33. Re2 Qb6 34.
b3 Ne3 35. Rd6 Qc5 36. Rc6 Nf1+ 37. Kh1 0-1

[Event "SC SSV Bruneck-ASD Arci Scacchi BZ"]
[Site "?"]
[Date "2014.11.08"]
[Round "1.6"]
[White "Lang, Guenther"]
[Black "D'Ambrosio, Luca"]
[Result "1/2-1/2"]
[WhiteElo "1686"]
[BlackElo "1752"]
[PlyCount "84"]
[EventDate "2014.??.??"]

1. f4 d5 2. Nf3 Nf6 3. e3 e6 4. Be2 Be7 5. b3 c5 6. Bb2 Nc6 7. Bb5 Bd7 8. O-O
a6 9. Bxc6 Bxc6 10. Ne5 Qc7 11. d3 b5 12. Nxc6 Qxc6 13. Qf3 O-O 14. Nd2 Ne8 15.
e4 dxe4 16. Nxe4 Rc8 17. Rae1 Bf6 18. Be5 Bxe5 19. fxe5 f5 20. exf6 Nxf6 21.
Ng5 Qxf3 22. Rxf3 Rfe8 23. Rxe6 h6 24. Rxe8+ Rxe8 25. Ne4 Nxe4 26. dxe4 Rxe4
27. Kf2 c4 28. Re3 Rd4 29. Ke2 cxb3 30. axb3 Kf7 31. c3 Rd6 32. b4 Rg6 33. Kf3
Rd6 34. h4 h5 35. Kf4 Rg6 36. Kf3 Rf6+ 37. Kg3 Rc6 38. Kf3 Rf6+ 39. Kg3 Rf5 40.
Re4 Kf6 41. c4 bxc4 42. Rxc4 Rb5 1/2-1/2

[Event "SC Taufers-SC Naturns Jambo II"]
[Site "?"]
[Date "2014.11.08"]
[Round "1.1"]
[White "Pichler, Christoph"]
[Black "Forer, Erich"]
[Result "1/2-1/2"]
[WhiteElo "1844"]
[BlackElo "1826"]
[PlyCount "67"]
[EventDate "2014.??.??"]

1. e4 d6 2. d4 g6 3. Nf3 Bg7 4. Bc4 Nf6 5. Nc3 O-O 6. O-O c6 7. a3 Na6 8. Be3
Ng4 9. Bc1 b5 10. Bb3 c5 11. Nxb5 cxd4 12. Nbxd4 Nc5 13. Bd5 Ba6 14. Re1 Rc8
15. Nc6 Qd7 16. Nb4 Bb5 17. Nd4 Bxd4 18. Qxd4 a5 19. Nd3 Nxd3 20. cxd3 Rc5 21.
b4 Rc2 22. f3 Ne5 23. Rd1 Rfc8 24. Bb2 Nxf3+ 25. gxf3 e5 26. Qe3 Rxb2 27. Rd2
Rcc2 28. Rad1 Qh3 29. Qe2 Rxd2 30. Rxd2 Rxd2 31. Qxd2 Qxf3 32. Qf2 Qxf2+ 33.
Kxf2 axb4 34. axb4 1/2-1/2

[Event "SG Kaltern/Tramin II - SK Deutschnofen"]
[Site "?"]
[Date "2014.11.15"]
[Round "2.1"]
[White "Thurner, Markus"]
[Black "Dibiasi, Rainer"]
[Result "1/2-1/2"]
[WhiteElo "1874"]
[BlackElo "1790"]
[PlyCount "72"]
[EventDate "2014.??.??"]

1. e4 d5 2. exd5 Qxd5 3. Nc3 Qd8 4. d4 Nf6 5. Nf3 e6 6. Bd3 Be7 7. O-O O-O 8.
Ne4 b6 9. Nxf6+ Bxf6 10. Be4 c6 11. Bf4 Bb7 12. Ne5 Bxe5 13. dxe5 Nd7 14. Re1
Nc5 15. Qh5 Nxe4 16. Rxe4 c5 17. Re3 Qd4 18. Qg4 Qxb2 19. Rae1 Kh8 20. Rg3 Rg8
21. Qe2 Qd4 22. Bg5 f6 23. c3 Qxe5 24. Qxe5 fxe5 25. Rxe5 Bd5 26. a3 Raf8 27.
h4 h6 28. Bc1 Rf7 29. f4 Kh7 30. Rd3 Bc4 31. Rd6 Rc8 32. g3 Rcc7 33. Re1 Bb3
34. Re2 Rcd7 35. Red2 Rxd6 36. Rxd6 Bd5 1/2-1/2

[Event "SG Kaltern/Tramin II - SK Deutschnofen"]
[Site "?"]
[Date "2014.11.15"]
[Round "2.2"]
[White "Unterkofler, Alex"]
[Black "Hofer, Alois"]
[Result "0-1"]
[WhiteElo "1767"]
[BlackElo "1729"]
[Annotator "Unterkofler,Alex"]
[PlyCount "61"]
[EventDate "2014.??.??"]

1. e4 e6 2. d4 g6 3. Nf3 Bg7 4. Bd3 Ne7 5. O-O d6 6. Bg5 Nd7 7. Qd2 O-O 8. Nc3
a6 9. Bh6 b6 10. h4 e5 11. h5 exd4 12. Bxg7 Kxg7 13. Ne2 c5 14. Qf4 d5 15. g4
c4 16. Nexd4 cxd3 17. Ng5 Nc5 18. h6+ Kg8 19. Qf6 Nf5 20. Qxd8 Rxd8 21. gxf5
gxf5 22. exf5 Rd6 23. Rfe1 Rxh6 24. Re8+ Kg7 25. cxd3 Nxd3 26. Rd1 $2 26... Nf4
$2 (26... Rh1+ 27. Kxh1 Nxf2+) 27. Rc1 Bb7 28. Re7 $2 (28. Rxa8 $1 28... Bxa8
29. Rc8 $1 29... Bb7 30. Rc7 Ba8 31. Nge6+ $1 31... Nxe6 32. fxe6) 28... Kf6
29. Rxb7 Kxg5 30. Rxf7 (30. Rc3) 30... Re8 31. Re1 0-1

[Event "SG Kaltern/Tramin II - SK Deutschnofen"]
[Site "?"]
[Date "2014.11.15"]
[Round "2.3"]
[White "Gibitz, Othmar"]
[Black "Steinegger, Elmar"]
[Result "1/2-1/2"]
[WhiteElo "1622"]
[BlackElo "1488"]
[PlyCount "81"]
[EventDate "2014.??.??"]

1. e4 e5 2. Nf3 Nc6 3. Bc4 h6 4. O-O Nf6 5. c3 d6 6. Re1 Be7 7. d4 O-O 8. d5
Nb8 9. Bd3 Bg4 10. c4 Nbd7 11. Be3 b6 12. Nc3 Bh5 13. h3 Nh7 14. g4 Bg6 15. Qd2
Ng5 16. Nxg5 Bxg5 17. Bxg5 Qxg5 18. Qxg5 hxg5 19. b4 a6 20. f3 f6 21. a3 Be8
22. a4 Kf7 23. Kf2 Rh8 24. Kg3 Nf8 25. Rh1 Ng6 26. Ne2 Bd7 27. Rhc1 a5 28. c5
axb4 29. c6 Bc8 30. Rcb1 Ba6 31. Bxa6 Rxa6 32. Rxb4 Ra5 (32... Nf4) 33. Rb5
Rha8 34. Rxa5 Rxa5 35. Nc3 Ke7 36. Nb5 Kd8 37. Ra2 Ne7 38. h4 Ng6 39. hxg5 fxg5
40. Ra1 Ra6 41. Ra2 1/2-1/2

[Event "SG Kaltern/Tramin II - SK Deutschnofen"]
[Site "?"]
[Date "2014.11.15"]
[Round "2.4"]
[White "Sinner, Armin"]
[Black "Welsch, Ulrich"]
[Result "0-1"]
[WhiteElo "1573"]
[BlackElo "1592"]
[PlyCount "68"]
[EventDate "2014.??.??"]

1. e4 e6 2. d4 d5 3. Nd2 Nf6 4. e5 Nfd7 5. Ngf3 c5 6. c3 Nc6 7. Be2 f6 8. exf6
Nxf6 9. O-O Bd6 10. dxc5 Bxc5 11. Nb3 Bd6 12. Bg5 O-O 13. Re1 Qc7 14. Nbd4 a6
15. h3 e5 16. Nb3 Ne7 17. Rc1 b5 18. Be3 Nf5 19. Bg5 Bb7 20. Qc2 Ne4 21. Bd3 h6
22. Bd2 Nxd2 23. Bxf5 Nxf3+ 24. gxf3 Qf7 25. Bh7+ Kh8 26. Bd3 Qxf3 27. Re3 Qf4
28. Rg3 e4 29. Bf1 e3 30. Rg2 d4 31. f3 Bxf3 32. Qg6 Bxg2 33. Qxg2 Rae8 34.
cxd4 e2 0-1

[Event "SG Kaltern/Tramin II - SK Deutschnofen"]
[Site "?"]
[Date "2014.11.15"]
[Round "2.5"]
[White "Mittermair, Alois"]
[Black "Maier, Fridolin"]
[Result "1-0"]
[WhiteElo "1486"]
[BlackElo "1442"]
[PlyCount "57"]
[EventDate "2014.??.??"]

1. e4 e5 2. Bc4 Bc5 3. Ne2 Nc6 4. O-O d6 5. Nbc3 Be6 6. Nd5 Nge7 7. d3 O-O 8.
Bg5 Qd7 9. a3 f5 10. b4 fxe4 11. Nxe7+ Nxe7 12. Bxe6+ Qxe6 13. bxc5 exd3 14.
Qxd3 dxc5 15. Bxe7 Qxe7 16. Qb3+ c4 17. Qxb7 Qc5 18. Qe4 Rad8 19. h3 Rf6 20.
Nc3 Rd2 21. Qe1 Qd4 22. Ne4 Rxc2 23. Nxf6+ gxf6 24. Qe3 c3 25. Rfd1 Qc4 26.
Qg3+ Kf8 27. Rd7 Rd2 28. Qg7+ Ke8 29. Qe7# 1-0

[Event "SG Kaltern/Tramin III - SV Lichtenberg"]
[Site "?"]
[Date "2014.11.15"]
[Round "2.4"]
[White "Maier, Florian"]
[Black "Burger, Roman"]
[Result "1-0"]
[WhiteElo "1165"]
[BlackElo "1200"]
[Annotator "Unterkofler,Alex"]
[PlyCount "86"]
[EventDate "2014.??.??"]

1. e4 e5 2. Nf3 d6 3. d4 Nc6 4. dxe5 (4. d5 Nce7) 4... Be7 5. exd6 cxd6 6. Bc4
Be6 7. Qd3 Nb4 8. Bb5+ Bd7 9. Bxd7+ Qxd7 10. Qe2 Rc8 11. Nc3 Nf6 12. O-O O-O
13. a3 Nc6 14. Bf4 Rfe8 15. Rad1 Nh5 16. Qd2 h6 17. h3 Nxf4 18. Qxf4 Qe6 19.
Rfe1 Rcd8 20. e5 g5 (20... dxe5 21. Nxe5 Rxd1 22. Nxd1 Bf6) 21. Qg3 f6 22. exd6
Ne5 23. dxe7 Rxd1 24. Rxd1 Nxf3+ 25. Qxf3 Qxe7 26. Qd3 $1 26... Kf8 27. Nd5 Qe2
28. Nxf6 Qxd3 29. Rxd3 Re1+ 30. Kh2 Re2 31. Rd7 Rxf2 32. Ng4 Rxc2 33. Rxb7 h5
34. Nf6 g4 35. Nxh5 gxh3 36. Kxh3 a5 37. Rb5 Ke7 38. g4 Kd6 39. g5 Rc1 40. Rxa5
Rh1+ 41. Kg4 Rg1+ 42. Ng3 Rd1 43. Rf5 Rd4+ 1-0

[Event "SG Kaltern/Tramin III-SV Lichtenberg"]
[Site "?"]
[Date "2014.11.15"]
[Round "2.1"]
[White "Rieger, Juergen"]
[Black "Sanin, Wilfried"]
[Result "0-1"]
[WhiteElo "1412"]
[BlackElo "1432"]
[PlyCount "104"]
[EventDate "2014.??.??"]

1. d4 g6 2. c4 Bg7 3. Nf3 c5 4. e3 cxd4 5. exd4 d6 6. Be2 Nf6 7. Bg5 Qb6 8. Qc2
Bf5 9. Qa4+ Nbd7 10. b3 O-O 11. Nbd2 Nb8 12. Rc1 Nc6 13. d5 Nd4 14. Nxd4 Qxd4
15. Be3 Qe5 16. O-O Ng4 17. Nf3 Qb2 18. Rfd1 Nxe3 19. fxe3 Qxe2 20. Re1 Qb2 21.
Rcd1 Be4 22. Rd2 Qc3 23. Ree2 Bxf3 24. gxf3 Qf6 25. f4 Qf5 26. b4 Bc3 27. Rc2
Qg4+ 28. Rg2 Qd1+ 29. Kf2 Be1+ 30. Kf1 Bxb4+ 31. Kf2 Qe1+ 32. Kf3 Bc5 33. Rce2
Qh4 34. Qc2 Qf6 35. h4 Qxh4 36. Rh2 Qf6 37. Rh6 Kg7 38. Reh2 Rh8 39. R2h3 Kg8
40. Qh2 Qg7 41. f5 Re8 42. Rg3 Qe5 43. e4 Qc3+ 44. Kg4 Qe5 45. Kf3 Qf6 46. Rgh3
e6 47. Rxh7 Rxh7 48. Rxh7 exf5 49. Rh4 fxe4+ 50. Ke2 Qb2+ 51. Ke1 Qa1+ 52. Ke2
Qxa2+ 0-1

[Event "SG Kaltern/Tramin III-SV Lichtenberg"]
[Site "?"]
[Date "2014.11.15"]
[Round "2.2"]
[White "Gutmann, Norbert"]
[Black "Gunsch, Ferdinand"]
[Result "0-1"]
[WhiteElo "1446"]
[BlackElo "1428"]
[Annotator "Unterkofler,Alex"]
[PlyCount "57"]
[EventDate "2014.??.??"]

1. b3 d6 2. Bb2 e5 3. c4 b6 4. e3 Nf6 5. d3 Be7 6. Nd2 O-O 7. Ngf3 Bg4 8. Be2
Re8 9. Qc2 Nbd7 10. h3 Be6 11. O-O-O $5 (11. d4 $1) 11... c5 12. g4 h6 13. g5
hxg5 14. Nxg5 Nf8 15. h4 a5 16. a4 Qc7 17. Rdg1 Bd7 18. h5 d5 19. h6 g6 20. d4
cxd4 21. exd4 exd4 22. Bxd4 Qf4 23. Be3 Qe5 24. h7+ N8xh7 25. Nxh7 Bf5 26. Bd3
Ba3+ 27. Kd1 Bxd3 28. Qxd3 dxc4 29. Bd4 {
Aufgegeben? Computer gibt + 6 fuer Weiss! zB cxd3 30. Sxf6 Kg7 Sxe8!} (29.
Rxg6+ $3 29... fxg6 30. Qxg6+ $1 30... Kh8 31. Nxf6+) 0-1

[Event "SG Kaltern/Tramin III-SV Lichtenberg"]
[Site "?"]
[Date "2014.11.15"]
[Round "2.3"]
[White "Zischg, Elias"]
[Black "Piger, Martin"]
[Result "1-0"]
[WhiteElo "1406"]
[BlackElo "1223"]
[PlyCount "98"]
[EventDate "2014.??.??"]

1. e4 Nf6 2. Nc3 d5 3. exd5 Nxd5 4. Nxd5 Qxd5 5. d3 e5 6. Qf3 Qc6 7. Qxc6+ Nxc6
8. g3 Be7 9. Bg2 Bd7 10. Ne2 f5 11. f4 O-O-O 12. Bd2 exf4 13. Nxf4 g5 14. Ne2
h5 15. O-O-O h4 16. Rhf1 h3 17. Bxc6 Bxc6 18. Rxf5 g4 19. Rf7 Bd6 20. Nd4 Bxg3
21. Bf4 Bxf4+ 22. Rxf4 Rxd4 23. Rxd4 Rg8 24. Rd2 Bf3 25. Rf2 b6 26. b3 Bg2 27.
Rdf4 g3 28. hxg3 Rxg3 29. Rh4 Bc6 30. Kb2 Kb7 31. d4 Bd7 32. d5 Rg2 33. Rf1 Bg4
34. Rh1 Rg3 35. Rxg4 Rxg4 36. Rxh3 Rg6 37. Rd3 Rd6 38. c4 a5 39. a3 Kc8 40. b4
c6 41. Kc3 cxd5 42. Rxd5 axb4+ 43. axb4 Kc7 44. Rxd6 Kxd6 45. Kd4 Kc7 46. Ke5
Kd7 47. Kd5 Kc7 48. Ke6 Kc6 49. Ke7 Kc7 1-0

[Event "SG Kaltern/Tramin-Ehrenburg"]
[Site "?"]
[Date "2014.11.15"]
[Round "2.2"]
[White "Bertagnolli, Alexander"]
[Black "Jedinger, Andreas"]
[Result "1-0"]
[WhiteElo "2315"]
[BlackElo "2131"]
[PlyCount "107"]
[EventDate "2014.??.??"]

1. d4 Nf6 2. Bg5 e6 3. e4 h6 4. Bxf6 Qxf6 5. c3 d6 6. Bd3 e5 7. Ne2 Qd8 8. O-O
Be7 9. f4 O-O 10. Nd2 Nd7 11. Nf3 c6 12. Qe1 Qb6 13. Qg3 exd4 14. cxd4 Nf6 15.
e5 Nd5 16. Kh1 Ne3 17. f5 dxe5 18. Qxe5 Nxf1 19. Qxe7 Bxf5 20. Bc4 Qxb2 21.
Rxf1 b5 22. Bb3 Bd3 23. Rf2 Bc4 24. Bxc4 bxc4 25. Ne5 Rae8 26. Qc5 c3 27. Qxc3
Qxa2 28. Qf3 Qa1+ 29. Rf1 Qb2 30. Nc3 c5 31. Nd7 cxd4 32. Nxf8 Rxf8 33. Nd5 Qc2
34. Ne7+ Kh7 35. h3 a5 36. Nc6 Qc5 37. Rd1 Rc8 38. Nxd4 Rd8 39. Nb3 Rxd1+ 40.
Qxd1 Qb4 41. Qd3+ Kg8 42. Qd8+ Kh7 43. Qd3+ Kg8 44. Nd2 a4 45. Nc4 Qc5 46. Qe2
Qb4 47. Qe8+ Kh7 48. Qxf7 a3 49. Qf5+ Kg8 50. Qd5+ Kh7 51. Qd3+ Kg8 52. Nxa3
Qe1+ 53. Kh2 Qe5+ 54. Qg3 1-0

[Event "SG Kaltern/Tramin-Ehrenburg"]
[Site "?"]
[Date "2014.11.15"]
[Round "2.3"]
[White "Kapferer, Romed"]
[Black "Panjkovic, Aleksandar"]
[Result "1/2-1/2"]
[WhiteElo "2095"]
[BlackElo "2112"]
[PlyCount "83"]
[EventDate "2014.??.??"]

1. e4 c5 2. Nc3 g6 3. f4 Bg7 4. Nf3 Nc6 5. Bb5 Nd4 6. O-O a6 7. Bc4 e6 8. d3
Ne7 9. Bb3 O-O 10. Nxd4 cxd4 11. Ne2 d6 12. Qe1 Nc6 13. Bd2 a5 14. a4 Kh8 15.
h4 f5 16. exf5 gxf5 17. Qf2 Bf6 18. g3 Rg8 19. Kh2 Rg4 20. Ng1 e5 21. Nh3 h6
22. Bd5 Qe7 23. Rae1 Be6 24. Bf3 Rg7 25. c3 Rag8 26. Rg1 Qd7 27. Bxc6 bxc6 28.
cxd4 e4 29. Bc3 d5 30. Bxa5 Qa7 31. Bc3 Qxa4 32. Qe2 Bf7 33. dxe4 dxe4 34. Ra1
Qc4 35. Qd1 Qb3 36. Qe2 Qc4 37. Qd1 c5 38. dxc5 Bxc3 39. bxc3 Qxc3 40. Rc1 Qe3
41. Qe1 Qa3 42. Qc3 1/2-1/2

[Event "SG Kaltern/Tramin-Ehrenburg"]
[Site "?"]
[Date "2014.11.15"]
[Round "2.4"]
[White "Waldner, Mirko"]
[Black "Flatscher, Tobias"]
[Result "0-1"]
[WhiteElo "1890"]
[BlackElo "1746"]
[PlyCount "44"]
[EventDate "2014.??.??"]

1. d4 d5 2. c4 c6 3. Nc3 Nf6 4. Nf3 dxc4 5. a4 Bf5 6. e3 Nbd7 7. Bxc4 e6 8. O-O
Be7 9. Re1 Ne4 10. Nd2 Nxd2 11. Bxd2 Nb6 12. Bf1 O-O 13. Rc1 Rc8 14. e4 Bg6 15.
a5 Na8 16. Qa4 Bg5 17. Bxg5 Qxg5 18. Qb4 c5 19. dxc5 Qxc5 20. Qxc5 Rxc5 21. b4
Rc7 22. Nd5 exd5 0-1